000 00367nam a2200145 i 4500
001 bg
100 1 _aBANASIŃSKI, Antoni
245 0 _aNowoczesne metody przygotowania decyzji kierowniczych /
_cAntoni Banasiński.
260 _aWarszawa,
_c1970.
040 _cBPK
041 _apol
080 _a65.012.4
942 _cKS
008 s pl f |000 0 pol
999 _c7509
_d7509
856 _uhttp://koha.tu.koszalin.pl/cgi-bin/koha/opac-detail.pl?biblionumber=7509
_yKatalog online BPK